Alle Mannschaften DFB-Pokal 23/24 - Statistiken

Allgemein
  • Dieses Quiz wurde 174 mal gespielt
  • Das Durchschnittsergebnis liegt bei 40 aus 64
Antwortstatistiken
Mannschaft Liga % Korrekt
FC Bayern München Bundesliga
93%
Borussia Dortmund Bundesliga
90%
1.FC Kaiserslautern 2. Bundesliga
87%
Hamburger SV 2. Bundesliga
84%
1.FC Union Berlin Bundesliga
83%
Bayer 04 Leverkusen Bundesliga
83%
FC Augsburg Bundesliga
83%
Hertha BSC Berlin 2. Bundesliga
83%
RB Leipzig Bundesliga
83%
VfB Stuttgart Bundesliga
83%
Borussia Mönchengladbach Bundesliga
82%
FC Schalke 04 2. Bundesliga
82%
1.FSV Mainz 05 Bundesliga
81%
SV Werder Bremen Bundesliga
81%
SC Freiburg Bundesliga
78%
SV Darmstadt 98 Bundesliga
78%
Eintracht Frankfurt Bundesliga
77%
SV Holstein Kiel 2. Bundesliga
77%
VfL Wolfsburg Bundesliga
77%
1.FC Nürnberg 2. Bundesliga
76%
1.FC Saarbrücken 3. Liga
76%
TSG 1899 Hoffenheim Bundesliga
76%
1.FC Heidenheim Bundesliga
75%
FC St. Pauli 2. Bundesliga
75%
Eintracht Braunschweig 2. Bundesliga
74%
VfL Bochum Bundesliga
74%
SV Elversberg 2. Bundesliga
72%
1.FC Köln Bundesliga
69%
FC Hansa Rostock 2. Bundesliga
68%
Arminia Bielefeld 3. Liga
66%
Hannover 96 2. Bundesliga
66%
Karlsruher SC 2. Bundesliga
66%
Rot-Weiss Essen 3. Liga
65%
SpVgg Greuther Fürth 2. Bundesliga
65%
1.FC Magdeburg 2. Bundesliga
64%
SV Wehen Wiesbaden 2. Bundesliga
64%
SSV Jahn Regensburg 3. Liga
62%
Fortuna Düsseldorf 2. Bundesliga
61%
SC Paderborn 2. Bundesliga
60%
VfL Osnabrück 2. Bundesliga
60%
Viktoria Köln 3. Liga
60%
FC Energie Cottbus Regionalliga Nordost
57%
SV Sandhausen 3. Liga
57%
TSV Schott Mainz Oberliga Rheinland-Pfalz/Saar
55%
1.FC Lok Leipzig Regionalliga Nordost
52%
Preußen Münster 3. Liga
52%
FSV Frankfurt Regionalliga Südwest
51%
SpVgg Unterhaching 3. Liga
51%
VfB Lübeck 3. Liga
51%
FC Carl Zeiss Jena Regionalliga Nordost
50%
FC Homburg Regionalliga Südwest
49%
Hallescher FC 3. Liga
49%
Rostocker FC Verbandsliga Mecklenburg-Vorpommern
42%
Rot-Weiß Koblenz Oberliga Rheinland-Pfalz/Saar
41%
SV Atlas Delmenhorst Oberliga Niedersachsen
37%
TuS Makkabi Berlin NOFV Oberliga Nord
33%
FC Teutonia Ottensen Regionalliga Nord
32%
FV Illertissen Regionalliga Bayern
31%
FC Oberneuland Bremen-Liga
30%
TSG Balingen Regionalliga Südwest
24%
FC Gütersloh Regionalliga West
22%
SV Oberachern Oberliga Baden-Württemberg
21%
TuS Bersenbrück Oberliga Niedersachsen
21%
FC Astoria Walldorf Regionalliga Südwest
15%
Keine übereinstimmenden Quizze gefunden
Verteilung der Resultate
Anzahl Personen mit jedem Resultat
Perzentil nach korrekt beantworteten Fragen
Ihre Resultats-Entwicklung
Sie haben dieses Quiz noch nicht gespielt